00858nam a2200241Ia 4500001000600000003000900006008004100015040001300056040001300069041001300082100001700095100002900112245003200141245003200173250001100205260000900216260001200225260004900237300005700286500021300343650002900556650003100585H6659IT-RoPAU130308s9999 xx 000 0 und d aIT-RoPAU cIT-RoPAU aITALIANO aValci Grazia gCodice Aut. SPICS: 58618 aParole del giornalismo (Le) bParole del Giornalismo (Le) a1a ed. aROMA bGremese c1989 [1° Ed.:1989 - Ed.Ling.Originale:1989] a"158 p. (prefazione: no ; testo: 158 [pagine: 0-0])" aDizionario delle Parole usate nel Giornalismo. Oltre 3200 Vocaboli e Locuzioni Tecniche, Gergali, di Uso Comune, di Nuovo o Antico Conio Costituiscono Questo Dizionario Dedicato al Linguaggio del Giornalista. aLINGUAGGIO GIORNALISTICO eCodice materia Spics: 7054